000 02167cam a22002294a 4500
005 20250605164126.0
008 250528s ||||||||||||||||||||||||d
035 _a18447
020 _a9602203358
040 _aGR-AtMCL
_bgre
_dGR-AtMCL
_eAACR2
245 1 _aΝαυτιλιακή Λογιστική / Τρίτη Έκδοση
250 _a
260 _bΠειραιάς,
_c1999
300 _a416
505 0 _aΠρόλογος, Οι Θαλάσσιες Μεταφορές, Η Ελληνική Ναυτιλία, Το Πλοίο, Ναυτιλιακές Επιχειρήσεις, Μελέτη του Λογιστικού Σχεδίου των Ναυτιλιακών Επιχειρήσεων,Ανάλυση και Λειτουργία των Λογαριασμών Ενεργητικού, Ανάλυση και Λειτουργία των Λογαριασμών Παθητικού, Οργανικά Έξοδα και Έσοδα Κατ'Είδος, Λογαριασμοί Αποτελεσμάτων, Αναλυτική Λογιστική Εκμεταλλεύσεως, Η Φορολογία των Πλοίων, Παράρτημα, Αγγλική Ορολογία, Βιβλιογραφία.
520 _aΠρόλογος, Οι Θαλάσσιες Μεταφορές, Η Ελληνική Ναυτιλία, Το Πλοίο, Ναυτιλιακές Επιχειρήσεις, Μελέτη του Λογιστικού Σχεδίου των Ναυτιλιακών Επιχειρήσεων,Ανάλυση και Λειτουργία των Λογαριασμών Ενεργητικού, Ανάλυση και Λειτουργία των Λογαριασμών Παθητικού, Οργανικά Έξοδα και Έσοδα Κατ'Είδος, Λογαριασμοί Αποτελεσμάτων, Αναλυτική Λογιστική Εκμεταλλεύσεως, Η Φορολογία των Πλοίων, Παράρτημα, Αγγλική Ορολογία, Βιβλιογραφία.
700 1 _aΛεκαράκου - Νιζάμη Κατερίνα
_92772
700 1 _aΠαπασπύρου Άγγελος
_94711
942 _cBK
999 _c3808
_d3808